000 00224nam a22000857a 4500
008 160704b xxu||||| |||| 00| 0 eng d
100 _91939
_a Mathur, S.S
245 _aEducational Psychology
260 _aAgra
_bVinod Pustak Mandir
999 _c1640
_d1640